000 00883nam a22002897a 4500
001 4028
003 FISKH
005 20240531150211.0
008 240531b cb ||||| |||| 00| 0 eng d
020 _a9780478029291
040 _aFISKH
_beng
_cFISKH
_dFISKH
_eFISKH
050 _aPZ7
082 _a509.22
100 _aNoonan, Diana
245 _aLift-off ! /
_cBy Diana Noonan ; Illustrated by Scott Kennedy
260 _aWellington :
_bLearning Media Limited,
_c1996
300 _a16 unnumbered pages :
_bcolor illustrations ;
_c24 cm
490 _aReading Science
505 _aA
520 _aGo on a journey to space and explore a galaxy of reading with Lift Off!
521 8 _a30
_bLexile AD
521 8 _aA
_bRaz-Plus
650 _aLanding
_vScience
_xSpace
700 _aKennedy, Scott
_eillustrator
942 _2ddc
_cBK
_n0
999 _c4028
_d4028